[Event "Copa Latinoamericana de Ajedrez 2011"]
[Site "Montevideo URU"]
[Date "2011.11.04"]
[Round "6.89"]
[White "Blanchard, Marcel"]
[Black "Avedisian, Alexander"]
[Result "1-0"]
[WhiteElo "1840"]
[BlackElo "1965"]
[PlyCount "75"]
[EventDate "2011.11.01"]
[EventType "swiss"]
[EventRounds "9"]
[EventCountry "URU"]
[Source "lmi"]
[SourceDate "2011.11.01"]

1. d4 Nf6 2. c4 g6 3. Nc3 Bg7 4. e4 d6 5. Nf3 O-O 6. Be2 e5 7. O-O Nc6 8. d5
Ne7 9. b4 b6 10. c5 bxc5 11. bxc5 dxc5 12. Ba3 Nd7 13. Rb1 f5 14. Ng5 Nf6 15.
Bxc5 h6 16. Ne6 Bxe6 17. dxe6 Re8 18. Qb3 c6 19. Rfd1 Qa5 20. Bb4 Qc7 21. Rd7
Qb6 22. Rxe7 Red8 23. Qa3 Nxe4 24. Rxg7+ Kxg7 25. Bf8+ Rxf8 26. Rxb6 axb6 27.
Qb2 Nxc3 28. Qxc3 Kf6 29. Qxc6 Rfc8 30. Qd7 Rc1+ 31. Bf1 Rcc8 32. Qf7+ Kg5 33.
h4+ Kf4 34. g3+ Ke4 35. Bg2+ Kd4 36. Bxa8 Rc1+ 37. Kg2 e4 38. Qd7+ 1-0

[Event "Copa Latinoamericana de Ajedrez 2011"]
[Site "Montevideo URU"]
[Date "2011.11.04"]
[Round "6.90"]
[White "Dos Santos, Jonathan"]
[Black "De Mello, Rodrigo"]
[Result "0-1"]
[WhiteElo "1820"]
[BlackElo "1832"]
[PlyCount "132"]
[EventDate "2011.11.01"]
[EventType "swiss"]
[EventRounds "9"]
[EventCountry "URU"]
[Source "lmi"]
[SourceDate "2011.11.01"]

1. d4 d5 2. Nf3 Nf6 3. c4 c6 4. Nc3 e6 5. Bg5 Be7 6. e3 Nbd7 7. Bd3 b6 8. O-O
Bb7 9. Rc1 O-O 10. cxd5 cxd5 11. Qd2 h6 12. Bh4 a6 13. Rc2 Rc8 14. Rfc1 Ne4 15.
Bxe4 Bxh4 16. Nxh4 Qxh4 17. Bd3 b5 18. Ne2 Rxc2 19. Rxc2 Rc8 20. Rxc8+ Bxc8 21.
Qa5 Qe7 22. Qc7 Qe8 23. b3 Nf6 24. a4 bxa4 25. bxa4 Bd7 26. a5 Bb5 27. Bxb5
Qxb5 28. Kf1 Ne4 29. f3 Nd2+ 30. Kf2 Nc4 31. e4 Nxa5 32. exd5 Qxd5 33. Qc5 Qd8
34. f4 Nb3 35. Qc3 Qb6 36. Ke3 a5 37. g4 Qb7 38. Ng3 a4 39. Qb2 Qb4 40. Ne2 a3
41. Qc2 Qa4 42. Qa2 Qb4 43. Qc2 g6 44. h4 Nxd4 45. Nxd4 Qb2 46. Kd3 Qb8 47. Ne2
Qd8+ 48. Ke3 Qxh4 49. Kf3 h5 50. gxh5 Qxh5+ 51. Kf2 Qd5 52. Nc3 Qc4 53. Qd2
Qc5+ 54. Kf3 Qb6 55. Na2 Qb3+ 56. Ke2 Kh7 57. Nc1 Qg3 58. Nd3 Qh2+ 59. Nf2 Qh5+
60. Ke3 Qc5+ 61. Ke2 Qc4+ 62. Ke3 a2 63. Qb2 Qa4 64. Ne4 Qa7+ 65. Kf3 a1=Q 66.
Ng5+ Kg8 0-1

[Event "Copa Latinoamericana de Ajedrez 2011"]
[Site "Montevideo URU"]
[Date "2011.11.04"]
[Round "6.91"]
[White "Nakle, Gonzalo"]
[Black "Bidigaray, Marcio"]
[Result "0-1"]
[WhiteElo "1759"]
[BlackElo "1707"]
[PlyCount "74"]
[EventDate "2011.11.01"]
[EventType "swiss"]
[EventRounds "9"]
[EventCountry "URU"]
[Source "lmi"]
[SourceDate "2011.11.01"]

1. e4 e5 2. Nf3 Nc6 3. Bb5 a6 4. Ba4 Nf6 5. O-O b5 6. Bb3 Nxe4 7. Re1 d5 8. d3
Nc5 9. Nxe5 Nxe5 10. Rxe5+ Ne6 11. Bxd5 Rb8 12. Qe1 Bd6 13. Bc6+ Kf8 14. Re4
Bb7 15. Bxb7 Rxb7 16. h3 c5 17. Nc3 Nd4 18. Qd1 Qc7 19. Be3 f5 20. Rh4 Qd8 21.
Qh5 g6 22. Qh6+ Kf7 23. Bg5 Qe8 24. Nd5 Bf8 25. Qxh7+ Rxh7 26. Rxh7+ Bg7 27.
Bh6 Ne2+ 28. Kf1 Ke6 29. Bxg7 Kxd5 30. Rh8 Qf7 31. Bh6 Nd4 32. c3 Ne6 33. Re1
g5 34. h4 Qf6 35. Re8 Qxh6 36. R1xe6 Qxe6 37. Rxe6 Kxe6 0-1

[Event "Copa Latinoamericana de Ajedrez 2011"]
[Site "Montevideo URU"]
[Date "2011.11.04"]
[Round "6.92"]
[White "Dabraccio, Guillermo"]
[Black "Garcia, Cristian Javier"]
[Result "1/2-1/2"]
[WhiteElo "1729"]
[BlackElo "2053"]
[PlyCount "68"]
[EventDate "2011.11.01"]
[EventType "swiss"]
[EventRounds "9"]
[EventCountry "URU"]
[Source "lmi"]
[SourceDate "2011.11.01"]

1. c4 Nf6 2. Nc3 e6 3. Nf3 d5 4. cxd5 exd5 5. d4 Bb4 6. Bg5 O-O 7. e3 Bg4 8.
Be2 c5 9. O-O cxd4 10. Bxf6 Qxf6 11. Nxd5 Qd6 12. Nxb4 Qxb4 13. Qxd4 Nc6 14.
Qxb4 Nxb4 15. h3 Bf5 16. Nd4 Bg6 17. Bf3 Rab8 18. a3 Nd3 19. h4 Nxb2 20. Ra2
Nc4 21. h5 Bd3 22. Rd1 Ne5 23. Bd5 Rfd8 24. Bb3 Ba6 25. Rc1 g6 26. hxg6 hxg6
27. Rc7 Rd7 28. Rac2 Rbd8 29. f4 Ng4 30. Rxd7 Rxd7 31. Rc3 Re7 32. Nc2 Kg7 33.
Bd5 b6 34. g3 f5 1/2-1/2

[Event "Copa Latinoamericana de Ajedrez 2011"]
[Site "Montevideo URU"]
[Date "2011.11.04"]
[Round "6.94"]
[White "Ottonelo Gandarias, Marcos"]
[Black "Britos, Alejandro"]
[Result "1-0"]
[WhiteElo "1749"]
[BlackElo "2052"]
[PlyCount "61"]
[EventDate "2011.11.01"]
[EventType "swiss"]
[EventRounds "9"]
[EventCountry "URU"]
[Source "lmi"]
[SourceDate "2011.11.01"]

1. e4 e5 2. Nf3 Nc6 3. d4 exd4 4. Bc4 Be7 5. Nxd4 Nf6 6. O-O O-O 7. Nc3 Ne5 8.
Bb3 a6 9. f4 Nc6 10. e5 Bc5 11. Be3 Ne8 12. Kh1 Nxd4 13. Bxd4 Bxd4 14. Qxd4 c6
15. Rad1 Qh4 16. Ne4 g6 17. f5 g5 18. Rf3 g4 19. Rh3 c5 20. Rxh4 cxd4 21. Rxd4
d5 22. exd6 Bxf5 23. d7 Nc7 24. Nc5 Rab8 25. Nxb7 Bxd7 26. Rxd7 Rxb7 27. Rxg4+
Kh8 28. Rc4 Re8 29. h3 Rc8 30. Rxf7 a5 31. a4 1-0

[Event "Copa Latinoamericana de Ajedrez 2011"]
[Site "Montevideo URU"]
[Date "2011.11.04"]
[Round "6.95"]
[White "Baes, Diego"]
[Black "Villarreal, Julio"]
[Result "0-1"]
[WhiteElo "1377"]
[BlackElo "1942"]
[PlyCount "71"]
[EventDate "2011.11.01"]
[EventType "swiss"]
[EventRounds "9"]
[EventCountry "URU"]
[Source "lmi"]
[SourceDate "2011.11.01"]

1. e4 d5 2. exd5 Qxd5 3. Nc3 Qa5 4. Nf3 Nc6 5. d4 Bg4 6. Be2 O-O-O 7. Ne5 Nxe5
8. Bxg4+ Nxg4 9. Qxg4+ e6 10. a3 Nf6 11. Qg5 Rd5 12. Qd2 Rd7 13. Ne2 Qd5 14.
Qg5 e5 15. Be3 Qa5+ 16. c3 Rd5 17. Qf5+ Kb8 18. Qc2 exd4 19. Nxd4 Bd6 20. Qb3
Ka8 21. a4 Re8 22. O-O Re7 23. Nb5 Bxh2+ 24. Kxh2 c6 25. Qc4 Re4 26. Qe2 cxb5
27. axb5 Qc7+ 28. Kg1 b6 29. Ra6 Ng4 30. g3 Nxe3 31. fxe3 Qxg3+ 32. Qg2 Qxe3+
33. Rf2 Rg5 34. Ra1 Rxg2+ 35. Kxg2 Rg4+ 36. Kf1 0-1

[Event "Copa Latinoamericana de Ajedrez 2011"]
[Site "Montevideo URU"]
[Date "2011.11.04"]
[Round "6.96"]
[White "Alvarez, Miguel"]
[Black "Zecharies, Alexis"]
[Result "0-1"]
[WhiteElo "1932"]
[BlackElo "1697"]
[PlyCount "116"]
[EventDate "2011.11.01"]
[EventType "swiss"]
[EventRounds "9"]
[EventCountry "URU"]
[Source "lmi"]
[SourceDate "2011.11.01"]

1. e4 e6 2. f4 d5 3. e5 c5 4. Nf3 Nc6 5. d4 Qb6 6. c3 h5 7. Be2 Nh6 8. Na3 Nf5
9. Nc2 Be7 10. O-O Bd7 11. Kh1 h4 12. Ne3 Nxe3 13. Bxe3 Qxb2 14. Qd2 Qxd2 15.
Bxd2 c4 16. Kg1 Na5 17. Rfb1 Ba4 18. Ne1 Kd7 19. Kf2 b5 20. Bd1 Bxd1 21. Rxb5
Bg4 22. Rxa5 Rhb8 23. Bc1 Bf5 24. Ba3 Bxa3 25. Rxa3 Rb2+ 26. Kf3 a5 27. h3 Kc6
28. Rd1 a4 29. Ke3 Kb5 30. Kf3 Rh8 31. Ke3 Rh6 32. Rd2 Rxd2 33. Kxd2 Rg6 34.
Ke2 Be4 35. Kf2 Rg3 36. Kf1 f6 37. Kf2 fxe5 38. fxe5 g5 39. Kf1 g4 40. hxg4
Rxg4 41. Kf2 Rg8 42. Kf1 Rh8 43. Kf2 h3 44. gxh3 Rxh3 45. Kg1 Rh1+ 46. Kf2 Rh2+
47. Ke3 Ka5 48. Kf4 Rh1 49. Ke3 Rxe1+ 50. Kd2 Rh1 51. Ke3 Rf1 52. Ke2 Ra1 53.
Kd2 Bb1 54. Kc1 Rxa2 55. Rxa2 Bxa2 56. Kb2 Bb3 57. Ka3 Kb6 58. Kb4 Kc7 0-1

[Event "Copa Latinoamericana de Ajedrez 2011"]
[Site "Montevideo URU"]
[Date "2011.11.04"]
[Round "6.97"]
[White "Belbey, Juan"]
[Black "Marrero, Javier"]
[Result "0-1"]
[WhiteElo "1672"]
[BlackElo "1924"]
[PlyCount "80"]
[EventDate "2011.11.01"]
[EventType "swiss"]
[EventRounds "9"]
[EventCountry "URU"]
[Source "lmi"]
[SourceDate "2011.11.01"]

1. d4 f5 2. Nf3 Nf6 3. Bg5 e6 4. Nbd2 d5 5. c3 Bd6 6. Ne5 Nbd7 7. f4 O-O 8. e3
Qe8 9. Ndf3 Ne4 10. Bh4 Ndf6 11. Ng5 Nxg5 12. Bxg5 c6 13. Be2 Nd7 14. Nf3 Kh8
15. O-O a5 16. Nh4 Be7 17. Bh5 Qd8 18. Bg6 Bxg5 19. Qh5 Bh6 20. Bxh7 Kxh7 21.
Ng6 Rf6 22. Nh4 Nf8 23. Rae1 Bd7 24. Nf3 Be8 25. Qh3 Kg8 26. Kh1 Nh7 27. Ne5
Kf8 28. Qf3 g5 29. g4 gxf4 30. exf4 fxg4 31. Qxg4 Qe7 32. f5 Qg7 33. Ng6+ Bxg6
34. fxg6 Ng5 35. h4 Ne4 36. Rxf6+ Qxf6 37. Kg2 Kg7 38. Kh2 Qf2+ 39. Kh3 Qxe1
40. Qxe6 Qg3# 0-1

[Event "Copa Latinoamericana de Ajedrez 2011"]
[Site "Montevideo URU"]
[Date "2011.11.04"]
[Round "6.98"]
[White "De Leon, Veronica"]
[Black "Ferrari, Carlos"]
[Result "0-1"]
[WhiteElo "1639"]
[BlackElo "1888"]
[PlyCount "108"]
[EventDate "2011.11.01"]
[EventType "swiss"]
[EventRounds "9"]
[EventCountry "URU"]
[Source "lmi"]
[SourceDate "2011.11.01"]

1. c4 e5 2. Nc3 Nf6 3. d3 Be7 4. g3 c6 5. e4 O-O 6. Bg2 Na6 7. Be3 d6 8. Nge2
Be6 9. O-O Nd7 10. f4 f5 11. Qd2 Nc7 12. Rfe1 fxe4 13. Nxe4 d5 14. cxd5 Nxd5
15. d4 Qb6 16. fxe5 Nxe5 17. Bf2 Ng4 18. h3 Nxf2 19. Nxf2 h6 20. Ne4 Bf5 21. h4
Rad8 22. Rad1 Bxe4 23. Bxe4 Bf6 24. b3 Rd6 25. Qd3 Rfd8 26. Qc4 Kh8 27. Rd3 Nc7
28. Rdd1 Re6 29. Nc3 Rde8 30. Bg2 Na6 31. Kh2 Qc7 32. d5 Re3 33. d6 Qd8 34. Qg4
Nc5 35. Rxe3 Rxe3 36. Ne4 Nxe4 37. Bxe4 Be5 38. Rd2 Rxg3 39. Qxg3 Qxh4+ 40. Kg1
Qxg3+ 41. Rg2 Qe3+ 42. Rf2 Bd4 43. d7 Qxf2+ 44. Kh1 Qh4+ 45. Kg2 Qxe4+ 46. Kg3
Qd5 47. d8=Q+ Qxd8 48. Kf3 Qf6+ 49. Ke2 b5 50. Kd3 Qe5 51. Kc2 Qe2+ 52. Kc1 Bc3
53. a3 Qd2+ 54. Kb1 Qb2# 0-1

[Event "Copa Latinoamericana de Ajedrez 2011"]
[Site "Montevideo URU"]
[Date "2011.11.04"]
[Round "6.99"]
[White "De San Vicente, Sabrina"]
[Black "Quevedo, Andreina"]
[Result "1-0"]
[WhiteElo "1779"]
[BlackElo "1530"]
[PlyCount "123"]
[EventDate "2011.11.01"]
[EventType "swiss"]
[EventRounds "9"]
[EventCountry "URU"]
[Source "lmi"]
[SourceDate "2011.11.01"]

1. d4 d5 2. c4 e6 3. Nc3 Nf6 4. Bg5 Be7 5. e3 O-O 6. Bd3 h6 7. Bh4 Nbd7 8. cxd5
exd5 9. Nf3 c5 10. O-O Re8 11. Qc2 cxd4 12. Nxd4 Ne5 13. Bf5 Bxf5 14. Qxf5 Ng6
15. Bxf6 Bxf6 16. Rfd1 Re5 17. Qd3 Ne7 18. Qb5 Qb6 19. Qxb6 axb6 20. a3 Rd8 21.
Rac1 Rc8 22. Ncb5 Nc6 23. Nxc6 bxc6 24. Na7 Ra8 25. Nxc6 Re6 26. Nd4 Bxd4 27.
Rxd4 Rd8 28. g3 Kf8 29. Rc7 Re4 30. Rb7 Rxd4 31. exd4 Rd6 32. b4 Ke8 33. a4 Rc6
34. Kg2 Rd6 35. a5 bxa5 36. bxa5 Re6 37. Rb5 Rd6 38. h4 Kd8 39. Rb6 Rxb6 40.
axb6 Kc8 41. Kf3 Kb7 42. Kf4 Kxb6 43. Ke5 Kc6 44. h5 g5 45. g4 Kd7 46. Kxd5 f6
47. f3 Ke7 48. Kc6 Kd8 49. Kd6 Ke8 50. Kc7 Ke7 51. d5 f5 52. d6+ Ke6 53. d7
fxg4 54. fxg4 Ke5 55. d8=Q Kf4 56. Qd4+ Kg3 57. Kd7 Kh4 58. Ke7 Kg3 59. Kf6 Kh3
60. Kg6 Kh4 61. Kxh6 Kg3 62. Kxg5 1-0

[Event "Copa Latinoamericana de Ajedrez 2011"]
[Site "Montevideo URU"]
[Date "2011.11.04"]
[Round "6.100"]
[White "Ortiz, Soledad"]
[Black "Roibal, Felisardo"]
[Result "1-0"]
[WhiteElo "1723"]
[BlackElo "1518"]
[PlyCount "29"]
[EventDate "2011.11.01"]
[EventType "swiss"]
[EventRounds "9"]
[EventCountry "URU"]
[Source "lmi"]
[SourceDate "2011.11.01"]

1. e4 Nf6 2. e5 Ne4 3. d4 e6 4. Bd3 d5 5. Nf3 h6 6. O-O Ng5 7. Be3 Nd7 8. Nbd2
c5 9. c3 c4 10. Bc2 f5 11. exf6 Nxf6 12. Ne5 Qc7 13. Ba4+ Bd7 14. Bxd7+ Nxd7
15. Qh5+ 1-0

[Event "Copa Latinoamericana de Ajedrez 2011"]
[Site "Montevideo URU"]
[Date "2011.11.04"]
[Round "6.101"]
[White "Rijo, Pedro"]
[Black "Campiglia, Guido"]
[Result "0-1"]
[WhiteElo "1585"]
[BlackElo "2011"]
[PlyCount "62"]
[EventDate "2011.11.01"]
[EventType "swiss"]
[EventRounds "9"]
[EventCountry "URU"]
[Source "lmi"]
[SourceDate "2011.11.01"]

1. e4 e5 2. Nf3 Nc6 3. Bc4 Nf6 4. Ng5 d5 5. exd5 b5 6. Bb3 Nd4 7. c3 Nxb3 8.
Qxb3 h6 9. Nf3 Bd6 10. d3 O-O 11. h3 Bb7 12. c4 e4 13. dxe4 Nxe4 14. O-O Nc5
15. Qc2 bxc4 16. Nc3 Qd7 17. Be3 Rfe8 18. Rad1 Nd3 19. Ne1 Nf4 20. Bxf4 Bxf4
21. Nf3 Rad8 22. Rd4 Bd6 23. Rfd1 c6 24. dxc6 Qxc6 25. Kh1 Re6 26. Rg4 Rde8 27.
Qd2 Rf6 28. Nd4 Qc8 29. f4 Bxf4 30. Qf2 Bg5 31. Nf3 Qf5 0-1

[Event "Copa Latinoamericana de Ajedrez 2011"]
[Site "Montevideo URU"]
[Date "2011.11.04"]
[Round "6.102"]
[White "Pintos, Luis"]
[Black "Pos, Marcos"]
[Result "1-0"]
[WhiteElo "1567"]
[BlackElo "1931"]
[PlyCount "85"]
[EventDate "2011.11.01"]
[EventType "swiss"]
[EventRounds "9"]
[EventCountry "URU"]
[Source "lmi"]
[SourceDate "2011.11.01"]

1. c4 Nf6 2. e3 e5 3. Nc3 d5 4. cxd5 Nxd5 5. g3 Nxc3 6. bxc3 Nc6 7. Bg2 Bd6 8.
Ne2 O-O 9. O-O f5 10. d4 e4 11. f3 exf3 12. Bxf3 Kh8 13. Bb2 Qg5 14. Nf4 Bd7
15. d5 Ne5 16. Be2 Rae8 17. c4 Ng4 18. Bxg4 fxg4 19. Qd2 Re4 20. Bd4 b6 21. Qc2
Bf5 22. Qc3 Rfe8 23. Rae1 a5 24. c5 Be5 25. cxb6 cxb6 26. Bxe5 R4xe5 27. d6 Qd8
28. Qc7 Qxc7 29. dxc7 Rxe3 30. Rxe3 Rxe3 31. Nd5 Rf3 32. Nxb6 Rxf1+ 33. Kxf1
Kg8 34. c8=Q+ Bxc8 35. Nxc8 Kf7 36. Nd6+ Ke6 37. Nc4 a4 38. Ke2 Kd5 39. Kd3 g5
40. Nb6+ Ke5 41. Nxa4 h5 42. Nc5 h4 43. Ne4 1-0

[Event "Copa Latinoamericana de Ajedrez 2011"]
[Site "Montevideo URU"]
[Date "2011.11.04"]
[Round "6.103"]
[White "Riverol, Santiago"]
[Black "Martinez, Carlos"]
[Result "0-1"]
[WhiteElo "1334"]
[BlackElo "1882"]
[PlyCount "46"]
[EventDate "2011.11.01"]
[EventType "swiss"]
[EventRounds "9"]
[EventCountry "URU"]
[Source "lmi"]
[SourceDate "2011.11.01"]

1. e4 e5 2. Bc4 Nf6 3. d3 Bc5 4. Nf3 Nc6 5. O-O d5 6. Bb3 dxe4 7. dxe4 Qxd1 8.
Rxd1 Nxe4 9. Be3 Bxe3 10. fxe3 O-O 11. Bd5 Rd8 12. Nc3 Nxc3 13. bxc3 Bg4 14. h3
Bh5 15. Bxc6 bxc6 16. Rab1 e4 17. g4 exf3 18. gxh5 Kf8 19. Kf2 Ke7 20. Kxf3
Rxd1 21. Rxd1 Rb8 22. Kg4 Rb2 23. Kf4 Rxc2 0-1

[Event "Copa Latinoamericana de Ajedrez 2011"]
[Site "Montevideo URU"]
[Date "2011.11.04"]
[Round "6.104"]
[White "Guelvenzu, Esteban"]
[Black "Bengochea, Ricardo"]
[Result "1-0"]
[WhiteElo "1861"]
[BlackElo "1504"]
[PlyCount "90"]
[EventDate "2011.11.01"]
[EventType "swiss"]
[EventRounds "9"]
[EventCountry "URU"]
[Source "lmi"]
[SourceDate "2011.11.01"]

1. e4 e5 2. Nf3 Nc6 3. g3 Nf6 4. d3 Be7 5. Bg2 d6 6. O-O O-O 7. Bg5 Ne8 8. Be3
d5 9. exd5 Qxd5 10. Nc3 Qd8 11. Re1 Nd4 12. Nxd4 exd4 13. Bxd4 Bf6 14. Bxf6
Nxf6 15. Ne4 Nxe4 16. Rxe4 c6 17. Qh5 Qf6 18. c3 Bf5 19. Rf4 Bg6 20. Qg4 Qd6
21. Rd4 Qe6 22. Qxe6 fxe6 23. Re1 Rfe8 24. Rd7 Rab8 25. d4 Red8 26. Rxd8+ Rxd8
27. Rxe6 Bf7 28. Re7 Rb8 29. a3 Kf8 30. Rc7 a5 31. Bh3 Bd5 32. Rc8+ Rxc8 33.
Bxc8 b6 34. Bf5 g6 35. Bc2 Kf7 36. f4 Be6 37. Be4 Bd7 38. Kf2 h5 39. d5 c5 40.
c4 Kf6 41. Ke3 g5 42. fxg5+ Kxg5 43. Bf3 Bh3 44. Ke4 Bf5+ 45. Ke5 Bd3 1-0

[Event "Copa Latinoamericana de Ajedrez 2011"]
[Site "Montevideo URU"]
[Date "2011.11.04"]
[Round "6.106"]
[White "Lopes da Luz, Paulo"]
[Black "Izquierdo, Martin"]
[Result "1/2-1/2"]
[WhiteElo "1798"]
[BlackElo "1438"]
[PlyCount "70"]
[EventDate "2011.11.01"]
[EventType "swiss"]
[EventRounds "9"]
[EventCountry "URU"]
[Source "lmi"]
[SourceDate "2011.11.01"]

1. e4 c5 2. Nf3 d6 3. d4 cxd4 4. Nxd4 Nf6 5. Nc3 g6 6. Bg5 Bg7 7. Be2 O-O 8.
Qd2 Nc6 9. Nb3 Bd7 10. f4 Rc8 11. h3 a6 12. a4 Qb6 13. a5 Qa7 14. Bf3 Ne8 15.
O-O-O Nc7 16. Na4 Rcd8 17. Bh4 Rfe8 18. Bf2 Qb8 19. Nb6 Ne6 20. h4 Bh6 21. Nd5
Na7 22. g4 Bc6 23. g5 Bg7 24. h5 Bxd5 25. exd5 Nf8 26. Bd4 Nb5 27. Bxg7 Kxg7
28. Be4 Rc8 29. f5 Qc7 30. Nd4 Qc5 31. hxg6 Nxd4 32. Qxd4+ Qxd4 33. Rxd4 hxg6
34. Bd3 Nd7 35. Rdh4 Rh8 1/2-1/2

[Event "Copa Latinoamericana de Ajedrez 2011"]
[Site "Montevideo URU"]
[Date "2011.11.04"]
[Round "6.109"]
[White "Sanchez Britos, Alexander"]
[Black "Rodriguez Bernardo, Pablo"]
[Result "0-1"]
[WhiteElo "1682"]
[BlackElo "2209"]
[PlyCount "42"]
[EventDate "2011.11.01"]
[EventType "swiss"]
[EventRounds "9"]
[EventCountry "URU"]
[Source "lmi"]
[SourceDate "2011.11.01"]

1. e4 c5 2. d3 Nc6 3. Nc3 e6 4. Nf3 Qc7 5. g3 Nf6 6. Bg2 d5 7. b3 dxe4 8. dxe4
Be7 9. Bf4 Qa5 10. Qd2 O-O 11. O-O Rd8 12. Qe3 Nd4 13. Rac1 Qxc3 14. Qxc3 Ne2+
15. Kh1 Nxc3 16. e5 Nfd5 17. a4 b6 18. Ng5 Bb7 19. Bxd5 Nxd5 20. c4 Nxf4+ 21.
Kg1 Ne2# 0-1

[Event "Copa Latinoamericana de Ajedrez 2011"]
[Site "Montevideo URU"]
[Date "2011.11.05"]
[Round "7.1"]
[White "Jodorcovsky Werjivker, Paulo"]
[Black "Haddad Filho, Paulo Ibrahim"]
[Result "1/2-1/2"]
[WhiteElo "2194"]
[BlackElo "1972"]
[PlyCount "56"]
[EventDate "2011.11.01"]
[EventType "swiss"]
[EventRounds "9"]
[EventCountry "URU"]
[Source "lmi"]
[SourceDate "2011.11.01"]

1. e4 e5 2. Nf3 Nc6 3. d4 exd4 4. Nxd4 Bc5 5. Nb3 Bb6 6. a4 Qh4 7. Qe2 a5 8.
Nc3 Nb4 9. g3 Qe7 10. Bg2 d6 11. Bf4 g5 12. Bc1 Be6 13. h4 gxh4 14. Rxh4 O-O-O
15. Bf4 f5 16. O-O-O Bxb3 17. cxb3 Qf7 18. Nd5 Nxd5 19. exd5 Re8 20. Qc2 Kb8
21. Bf3 Ne7 22. Rh5 Ref8 23. Bh6 Rfg8 24. Bd2 Rf8 25. Bc3 Rhg8 26. Rdh1 Nxd5
27. Rxh7 Qe6 28. R7h6 Qf7 1/2-1/2

[Event "Copa Latinoamericana de Ajedrez 2011"]
[Site "Montevideo URU"]
[Date "2011.11.05"]
[Round "7.1"]
[White "Perez Ponsa, Federico"]
[Black "Fier, Alexandr"]
[Result "1/2-1/2"]
[WhiteElo "2484"]
[BlackElo "2573"]
[PlyCount "135"]
[EventDate "2011.11.01"]
[EventType "swiss"]
[EventRounds "9"]
[EventCountry "URU"]
[Source "lmi"]
[SourceDate "2011.11.01"]

1. e4 Nf6 2. Nc3 d5 3. e5 Nfd7 4. f4 e6 5. Nf3 c5 6. d4 Nc6 7. Be3 a6 8. Qd2 b5
9. a3 g5 10. fxg5 cxd4 11. Nxd4 Ncxe5 12. Bd3 Bg7 13. O-O O-O 14. Nce2 Ng4 15.
Nc6 Qc7 16. Ne7+ Kh8 17. Rf4 Nde5 18. Nxc8 Nxe3 19. Qxe3 Raxc8 20. c3 Qc5 21.
Qxc5 Rxc5 22. Rd1 Nxd3 23. Rxd3 Rc4 24. h4 Be5 25. Rxc4 bxc4 26. Rd2 Rb8 27.
Kf2 Kg8 28. Kf3 Kf8 29. g3 Ke7 30. Kg4 Rg8 31. Kf3 Kd6 32. Rd1 Rb8 33. Rd2 Kc5
34. Kg4 Bg7 35. Nd4 Bxd4 36. cxd4+ Kd6 37. Kh5 e5 38. dxe5+ Kxe5 39. Kh6 d4 40.
Kxh7 Ke4 41. Re2+ Kd5 42. h5 d3 43. Rg2 Rxb2 44. Rxb2 c3 45. Rh2 d2 46. g6 fxg6
47. hxg6 d1=Q 48. g7 Qd3+ 49. Kh8 Qd4 50. Kh7 Qe4+ 51. Kh8 Qe5 52. Kh7 Qf5+ 53.
Kh8 Qf6 54. Kh7 Qf7 55. Kh8 c2 56. Rxc2 Qh5+ 57. Kg8 Qg6 58. Kh8 Qh6+ 59. Kg8
Qe6+ 60. Kf8 Qf5+ 61. Ke7 Qg6 62. Kf8 Qf6+ 63. Kg8 Qf3 64. Rh2 Qxg3 65. Rh5+
Ke6 66. Kh8 Qc3 67. Kh7 Qd3+ 68. Kh8 1/2-1/2

[Event "Copa Latinoamericana de Ajedrez 2011"]
[Site "Montevideo URU"]
[Date "2011.11.05"]
[Round "7.2"]
[White "Bruzon Batista, Lazaro"]
[Black "Cubas, Jose"]
[Result "1-0"]
[WhiteElo "2689"]
[BlackElo "2536"]
[PlyCount "89"]
[EventDate "2011.11.01"]
[EventType "swiss"]
[EventRounds "9"]
[EventCountry "URU"]
[Source "lmi"]
[SourceDate "2011.11.01"]

1. d4 d5 2. c4 c6 3. Nc3 Nf6 4. e3 a6 5. Nf3 b5 6. b3 Bg4 7. Be2 e6 8. O-O Nbd7
9. Bb2 Bd6 10. h3 Bh5 11. Ne5 Bxe2 12. Nxe2 Qc7 13. cxd5 cxd5 14. Rc1 Qb8 15.
Nxd7 Nxd7 16. e4 O-O 17. e5 Be7 18. f4 f5 19. Rc6 Qb7 20. Rxe6 Kf7 21. Rxe7+
Kxe7 22. Qe1 Kf7 23. Ba3 Rfe8 24. Bd6 Qb6 25. Qh4 h6 26. Rc1 Re6 27. Qh5+ Kg8
28. Bc7 Qb7 29. Qxf5 Rae8 30. Kh2 b4 31. Bd6 g6 32. Qd3 Qb6 33. Bc7 Qb7 34. Ba5
Rc6 35. Rxc6 Qxc6 36. Bxb4 Nf8 37. Bd6 Rd8 38. Qf3 Kh7 39. f5 Rxd6 40. exd6
Qxd6+ 41. Qf4 Qe7 42. Ng3 g5 43. Qe5 Qxe5 44. dxe5 Nd7 45. e6 1-0

[Event "Copa Latinoamericana de Ajedrez 2011"]
[Site "Montevideo URU"]
[Date "2011.11.05"]
[Round "7.3"]
[White "Iturrizaga, Eduardo"]
[Black "Zambrana, Oswaldo"]
[Result "1-0"]
[WhiteElo "2656"]
[BlackElo "2502"]
[PlyCount "69"]
[EventDate "2011.11.01"]
[EventType "swiss"]
[EventRounds "9"]
[EventCountry "URU"]
[Source "lmi"]
[SourceDate "2011.11.01"]

1. d4 d5 2. c4 c6 3. Nc3 Nf6 4. cxd5 cxd5 5. Bf4 Nc6 6. e3 Bf5 7. Nf3 e6 8. Qb3
Bb4 9. Ne5 Qa5 10. Nxc6 bxc6 11. a3 Bxc3+ 12. Qxc3 Qxc3+ 13. bxc3 Kd7 14. h3
Ne8 15. c4 Nc7 16. cxd5 exd5 17. Be2 Rab8 18. O-O Rb2 19. Bf3 Rhb8 20. Rfc1 Bc2
21. Bg4+ Kd8 22. Bd1 Bxd1 23. Rxc6 Be2 24. Bxc7+ Kd7 25. Bxb8 Kxc6 26. Bxa7 Kb5
27. Rc1 Bc4 28. g4 g6 29. Kg2 Kc6 30. Kg3 Kd6 31. Bc5+ Ke6 32. Ra1 f6 33. a4
Ra2 34. Rb1 Rxa4 35. Rb7 1-0

[Event "Copa Latinoamericana de Ajedrez 2011"]
[Site "Montevideo URU"]
[Date "2011.11.05"]
[Round "7.6"]
[White "Rodriguez Vila, Andres"]
[Black "Hernandez Carmenates, Holden"]
[Result "1/2-1/2"]
[WhiteElo "2505"]
[BlackElo "2564"]
[PlyCount "109"]
[EventDate "2011.11.01"]
[EventType "swiss"]
[EventRounds "9"]
[EventCountry "URU"]
[Source "lmi"]
[SourceDate "2011.11.01"]

1. e4 c5 2. Nc3 d6 3. g3 Nc6 4. Nge2 g6 5. Bg2 Bg7 6. O-O e5 7. Nd5 Nge7 8.
Nxe7 Nxe7 9. c3 O-O 10. d4 b6 11. dxe5 dxe5 12. Bg5 Qxd1 13. Rfxd1 f6 14. Be3
Be6 15. a4 Bc4 16. Kf1 Nc6 17. Rd6 Rac8 18. Bh3 Rc7 19. Ke1 Rff7 20. Rad1 Bf8
21. Be6 Bxe6 22. Rxe6 Be7 23. Bh6 f5 24. exf5 gxf5 25. f4 Rf6 26. Rxf6 Bxf6 27.
Rd6 Kf7 28. Bg5 Bg7 29. Kf2 Na5 30. fxe5 Bxe5 31. Rd5 Nc6 32. Nf4 Ke8 33. Nd3
Rd7 34. Nxe5 Rxd5 35. Nxc6 Rd1 36. b4 cxb4 37. cxb4 Ra1 38. a5 Kd7 39. Nxa7
bxa5 40. bxa5 Rxa5 41. Be3 Ra2+ 42. Kg1 Rb2 43. Bf2 Rb4 44. Kg2 f4 45. g4 Rb3
46. h4 Kc7 47. h5 Kd7 48. g5 Rd3 49. h6 Rd5 50. Bh4 Ra5 51. Kf3 Rxa7 52. g6 Ra6
53. g7 Rg6 54. Kxf4 Ke6 55. Bg5 1/2-1/2

[Event "Copa Latinoamericana de Ajedrez 2011"]
[Site "Montevideo URU"]
[Date "2011.11.05"]
[Round "7.7"]
[White "Lemos, Damian"]
[Black "Krysa, Leandro"]
[Result "1/2-1/2"]
[WhiteElo "2543"]
[BlackElo "2396"]
[PlyCount "93"]
[EventDate "2011.11.01"]
[EventType "swiss"]
[EventRounds "9"]
[EventCountry "URU"]
[Source "lmi"]
[SourceDate "2011.11.01"]

1. Nf3 d5 2. d4 Nf6 3. c4 e6 4. Nc3 dxc4 5. Bg5 Bb4 6. e4 c5 7. Bxc4 cxd4 8.
Nxd4 Bxc3+ 9. bxc3 Qa5 10. Bxf6 Qxc3+ 11. Kf1 gxf6 12. Rc1 Qa5 13. Qg4 Ke7 14.
Qg7 Rf8 15. h4 Qe5 16. Nf3 Qf4 17. Re1 h5 18. Rh3 Nc6 19. Qh7 e5 20. Rg3 Bg4
21. Nh2 Rad8 22. Nxg4 hxg4 23. Bd5 Nb4 24. Rb3 Nxd5 25. g3 Qd2 26. Rxb7+ Rd7
27. Rxd7+ Kxd7 28. Qf5+ Ke7 29. exd5 Qxd5 30. Qxg4 Qh1+ 31. Ke2 Qb7 32. Qf3
Qa6+ 33. Qd3 Qxa2+ 34. Kf1 Rd8 35. Qe3 Qa6+ 36. Kg1 Qb6 37. Qa3+ Ke6 38. Qa2+
Ke7 39. Rb1 Qc7 40. Qa3+ Ke8 41. Qf3 Qc2 42. Ra1 Kf8 43. Kg2 Rd3 44. Qxf6 Rxg3+
45. Kh2 Rg6 46. Qh8+ Rg8 47. Qh6+ 1/2-1/2